Harf Hawalay Shukhn Ujalay (Record no. 6943)
[ view plain ]
| 000 -LEADER | |
|---|---|
| fixed length control field | 00330 a2200133 4500 |
| 040 ## - CATALOGING SOURCE | |
| Original cataloging agency | DLC |
| Language of cataloging | DLC |
| 082 ## - DEWEY DECIMAL CLASSIFICATION NUMBER | |
| Classification number | 809 |
| 100 ## - MAIN ENTRY--PERSONAL NAME | |
| Personal name | Mehreen Arif |
| 245 ## - TITLE STATEMENT | |
| Title | Harf Hawalay Shukhn Ujalay |
| Statement of responsibility, etc. | Mehreen Arif |
| 260 ## - PUBLICATION, DISTRIBUTION, ETC. | |
| Place of publication, distribution, etc. | Lahore: |
| Name of publisher, distributor, etc. | Aleena Publishers, |
| Date of publication, distribution, etc. | 1990. |
| 300 ## - PHYSICAL DESCRIPTION | |
| Extent | 192 p. ; |
| Dimensions | 22 cm. |
| 650 ## - SUBJECT ADDED ENTRY--TOPICAL TERM | |
| Topical term or geographic name entry element | Criticism. |
| 942 ## - ADDED ENTRY ELEMENTS (KOHA) | |
| Koha item type | Book |
| Call number prefix | 809 MEH |
| Source of classification or shelving scheme | |
| Withdrawn status | Lost status | Source of classification or shelving scheme | Damaged status | Not for loan | Permanent Location | Current Location | Shelving location | Date acquired | Source of acquisition | Full call number | Barcode | Date last seen | Price effective from | Koha item type |
|---|---|---|---|---|---|---|---|---|---|---|---|---|---|---|
| Central Library (CL) | Central Library (CL) | General Stacks | 03/19/2008 | Donation | 891.4391 MEH | SEECS008917 | 11/14/2012 | 01/05/2017 | Book |
